书目信息 |
| 题名: |
姑山难选赤铁矿选矿研究
|
|
| 作者: | 钱士湖 主编 | |
| 分册: | ||
| 出版信息: | 合肥 安徽科学技术出版社 2022.07 |
|
| 页数: | 118页 | |
| 开本: | 24cm | |
| 丛书名: | ||
| 单 册: | ||
| 中图分类: | P578.4 | |
| 科图分类: | ||
| 主题词: | 赤铁矿--难选矿石--选矿--研究--马鞍山 | |
| 电子资源: | ||
| ISBN: | 978-7-5337-6140-0 | |
| 000 | 01368nam0 2200253 450 | |
| 001 | 012001002896 | |
| 005 | 20141204105058.0 | |
| 010 | @a978-7-5337-6140-0@dCNY39.00 | |
| 100 | @a20220905d2020 em y0chiy50 ea | |
| 101 | 0 | @achi |
| 102 | @aCN@b340000 | |
| 105 | @aa az 000yy | |
| 106 | @ar | |
| 200 | 1 | @a姑山难选赤铁矿选矿研究@Agu shan nan xuan chi tie kuang xuan kuang yan jiu@f钱士湖主编 |
| 210 | @a合肥@c安徽科学技术出版社@d2022.07 | |
| 215 | @a118页@c图@d24cm | |
| 304 | @a安徽马钢矿业资源集团有限公司组织编写 | |
| 320 | @a有书目 (第117-118页) | |
| 330 | @a本书介绍了赤铁矿选矿发展过程及姑山赤铁矿生产工艺演变历程,总结了近年来从工艺矿物学研究到常规选矿试验研究,以及利用姑山磁铁矿精矿混合试验的研究成果,重点梳理了近五年的科研项目成果,汇编了2017年长沙矿冶研究院“姑山红矿开展提质研究”报告、2018年东北大学“姑山红矿悬浮焙烧一磁选试验”报告、2019年安徽工业大学与姑山矿共同开展的“马钢赤铁精配人磁精粉的球团生产新工艺开发研究”报告,以及马鞍山矿山研究院多年来对姑山红矿的研究报告姑山矿业公司调整姑山精矿产品结构工艺技术研究报告等内容,提出了姑山露转井后的工艺生产流程设想、现阶段满足市场要求的技术路线及未来研究方向,以期为今后姑山赤铁矿提质研究和高效合理利用提供参考。 | |
| 606 | 0 | @a赤铁矿@x难选矿石@x选矿@x研究@y马鞍山 |
| 690 | @aP578.4@v5 | |
| 701 | 0 | @a钱士湖@Aqian shi hu@4主编 |
| 801 | 0 | @aCN@bAHXH@c20221111 |
| 905 | @b1373717-21@dP578.4@e178@f5 | |
| 姑山难选赤铁矿选矿研究/钱士湖主编.-合肥:安徽科学技术出版社,2022.07 |
| 118页:图;24cm |
| ISBN 978-7-5337-6140-0:CNY39.00 |
| 本书介绍了赤铁矿选矿发展过程及姑山赤铁矿生产工艺演变历程,总结了近年来从工艺矿物学研究到常规选矿试验研究,以及利用姑山磁铁矿精矿混合试验的研究成果,重点梳理了近五年的科研项目成果,汇编了2017年长沙矿冶研究院“姑山红矿开展提质研究”报告、2018年东北大学“姑山红矿悬浮焙烧一磁选试验”报告、2019年安徽工业大学与姑山矿共同开展的“马钢赤铁精配人磁精粉的球团生产新工艺开发研究”报告,以及马鞍山矿山研究院多年来对姑山红矿的研究报告姑山矿业公司调整姑山精矿产品结构工艺技术研究报告等内容,提出了姑山露转井后的工艺生产流程设想、现阶段满足市场要求的技术路线及未来研究方向,以期为今后姑山赤铁矿提质研究和高效合理利用提供参考。 |
| ● |
| 相关链接 |
|
|
|
|
正题名:姑山难选赤铁矿选矿研究
索取号:P578.4/178
 
预约/预借
| 序号 | 登录号 | 条形码 | 馆藏地/架位号 | 状态 | 备注 |
| 1 | 1373717 | 213737170 | 第二样本阅览室/ [索取号:P578.4/178] | 在馆 | |
| 2 | 1373718 | 213737189 | 教育系资料室/ [索取号:P578.4/178] | 在馆 | |
| 3 | 1373719 | 213737198 | 教育系资料室/ [索取号:P578.4/178] | 在馆 | |
| 4 | 1373720 | 213737205 | 第三借阅区/ [索取号:P578.4/178] | 在馆 | |
| 5 | 1373721 | 213737214 | 第三借阅区/ [索取号:P578.4/178] | 在馆 |